| 000 | 01391nam a2200241Ia 4500 | ||
|---|---|---|---|
| 003 | Ost | ||
| 005 | 20260507075307.0 | ||
| 008 | 260507s9999||||xx |||||||||||||| ||und|| | ||
| 020 | _a7740899579 | ||
| 040 | _cfsecg | ||
| 041 | _aara | ||
| 082 | _a330 | ||
| 100 |
_aعبوي، زيد منير _eمؤلف |
||
| 245 | 0 |
_aالاتجاهات الادارية الحديثة في العمل الجماعي : _bفريق العمل / _c زيد منير عبوي |
|
| 260 |
_aعمان: _bدار الخليج, _c2012 |
||
| 300 |
_a219 صفحة؛ _bإيضاحات ؛ _c25 سم |
||
| 520 | _aالهيكل و سلوك المجموعات ، تأثير المجموعات على مدى تحقيق الافداف لتوقعاتهم ، اتخاذ القرارات الجماعية و قياس العمل الجماعي و تقويم الأداء المؤسسي ، الولاء في العمل الجماعي ، المهارات الانتاجية في العمل الجماعي ، العوامل التي تساعد على نجاح التحديث في العمل الجماعي ، الفرق و فرق العمل ، ديناميات العمل الجماعي و مهارة بناء الفريق . | ||
| 653 | _aاتخاذ القرارات | ||
| 653 | _aالإدارة | ||
| 653 | _aالعمل الجماعي | ||
| 700 |
_aالعطاري، يوسف ذيب _eمؤلف ثانوي |
||
| 942 | _cكتاب | ||
| 999 |
_c43821 _d43821 |
||